Library of the University of Algiers 3
Ibrahim Sultan Cheibout
شعار جامعة الجزائر 3
مكتبة جامعة الجزائر 3
إبراهيم سلطان شيبوط

ادارة المشروعات الصغيرة : (رقم التسجيلة. 41922)

تفاصيل مارك
000 -LEADER
fixed length control field 01965nam a2200253Ia 4500
003 - CONTROL NUMBER IDENTIFIER
control field Ost
005 - DATE AND TIME OF LATEST TRANSACTION
control field 20260507074940.0
008 - FIXED-LENGTH DATA ELEMENTS--GENERAL INFORMATION
fixed length control field 260507s9999||||xx |||||||||||||| ||und||
020 ## - INTERNATIONAL STANDARD BOOK NUMBER
International Standard Book Number 9957002511
040 ## - CATALOGING SOURCE
Transcribing agency fsecg
041 ## - LANGUAGE CODE
Language code of text/sound track or separate title ara
082 ## - DEWEY DECIMAL CLASSIFICATION NUMBER
Classification number 658.404
100 ## - MAIN ENTRY--PERSONAL NAME
Personal name الحسيني، فلاح حسن
Relator term مؤلف
245 #0 - TITLE STATEMENT
Title ادارة المشروعات الصغيرة :
Remainder of title مدخل استراتيجي للمنافسة والتميز /
Statement of responsibility, etc. فلاح حسن الحسيني
260 ## - PUBLICATION, DISTRIBUTION, ETC.
Place of publication, distribution, etc. عمان:
Name of publisher, distributor, etc. دار الشروق للنشر,
Date of publication, distribution, etc. 2006
300 ## - PHYSICAL DESCRIPTION
Extent 335 صفحة؛
Dimensions 24 سم
504 ## - BIBLIOGRAPHY, ETC. NOTE
Bibliography, etc. note بيبليوغرافيا ص.
520 ## - SUMMARY, ETC.
Summary, etc. اشتمل هذا الكتاب على اثنا عشر فصلاً، ليستعرض المفاهيم والأطر النظرية وليحدد مفهوم الريادية وأهميتها وخصاصها، وتصدى لموضوع المسؤولية الاجتماعية. غطي الإطار العام لدراسات الجدوى الاقتصادية والفنية واشتمل على مفاهيم استراتيجية والادارة الاستراتيجية، ويوضح آليات واجراءات عمليات التخطيط الاستراتيجي وتناول الجوانب التنظيمية وإعداد هياكل وتضمن عمليات الإدارة المالية في المشروعات الصغيرة وتناول الموارد البشرية. وجاء الفصل العاشر ليتناول الأنشطة التسويقية وصياغة الاستراتيجيات، وتناول حوسبة فعاليات هذه المشاريع إضافة إلى تناوله لموضوع حيوي وهو التجارة الإلكترونية وأخيراً تناول الرقابة على أنشطة المشروع وكيفية تقويم الأداء فيه.
653 ## - INDEX TERM--UNCONTROLLED
Uncontrolled term ادارة اعمال
653 ## - INDEX TERM--UNCONTROLLED
Uncontrolled term ادارة مشروع
653 ## - INDEX TERM--UNCONTROLLED
Uncontrolled term تنفيذ مشروع
653 ## - INDEX TERM--UNCONTROLLED
Uncontrolled term مشاريع
942 ## - ADDED ENTRY ELEMENTS (KOHA)
Koha item type كتب
المقتنيات
Withdrawn status Lost status Source of classification or shelving scheme Damaged status Not for loan Home library Current library Date acquired Serial enumeration / chronology Inventory number Total checkouts Full call number Barcode Date last seen Price effective from Koha item type
    Dewey Decimal Classification   NOT LOAN / إعارة داخلية مكتبة كلية العلوم الإقتصادية والعلوم التجارية وعلوم التسيير مكتبة كلية العلوم الإقتصادية والعلوم التجارية وعلوم التسيير 07/05/2026 الطابق الأرضي 3387   أ/2764ن1 3387 07/05/2026 07/05/2026 كتب
    Dewey Decimal Classification   Available مكتبة كلية العلوم الإقتصادية والعلوم التجارية وعلوم التسيير مكتبة كلية العلوم الإقتصادية والعلوم التجارية وعلوم التسيير 07/05/2026 الطابق الأرضي 3388   أ/2764ن2 3388 07/05/2026 07/05/2026 كتب
    Dewey Decimal Classification   Available مكتبة كلية العلوم الإقتصادية والعلوم التجارية وعلوم التسيير مكتبة كلية العلوم الإقتصادية والعلوم التجارية وعلوم التسيير 07/05/2026 الطابق الأرضي 3389   أ/2764ن3 3389 07/05/2026 07/05/2026 كتب
    Dewey Decimal Classification   Available مكتبة كلية العلوم الإقتصادية والعلوم التجارية وعلوم التسيير مكتبة كلية العلوم الإقتصادية والعلوم التجارية وعلوم التسيير 07/05/2026 الطابق الثاني 3390   أ/2764ن4 3390 07/05/2026 07/05/2026 كتب
    Dewey Decimal Classification   Available مكتبة كلية العلوم الإقتصادية والعلوم التجارية وعلوم التسيير مكتبة كلية العلوم الإقتصادية والعلوم التجارية وعلوم التسيير 07/05/2026 الطابق الثاني 3391   أ/2764ن5 3391 07/05/2026 07/05/2026 كتب
    Dewey Decimal Classification   Available مكتبة كلية العلوم الإقتصادية والعلوم التجارية وعلوم التسيير مكتبة كلية العلوم الإقتصادية والعلوم التجارية وعلوم التسيير 07/05/2026 مكتبة بن عكنون 3392   أ/2764ن6 3392 07/05/2026 07/05/2026 كتب
    Dewey Decimal Classification   Available مكتبة كلية العلوم الإقتصادية والعلوم التجارية وعلوم التسيير مكتبة كلية العلوم الإقتصادية والعلوم التجارية وعلوم التسيير 07/05/2026 مكتبة بن عكنون 3393   أ/2764ن7 3393 07/05/2026 07/05/2026 كتب
    Dewey Decimal Classification   Available مكتبة كلية العلوم الإقتصادية والعلوم التجارية وعلوم التسيير مكتبة كلية العلوم الإقتصادية والعلوم التجارية وعلوم التسيير 07/05/2026 مكتبة بن عكنون 3394   أ/2764ن8 3394 07/05/2026 07/05/2026 كتب

موارد الويب المفتوحة


© University of Algiers 3 All Rights Reserved
|
Implemented by LECHELAH Riad